000 00338nam a2200121Ia 4500
005 20251222144800.0
008 251222s9999||||xx |||||||||||||| ||spa||
082 _a262.5/B28
100 _aBaudrand, P.
245 0 _aPiénsalo Bien o Reflexiones sobre los Cuatro Novísimos
264 _bEl Mensajeero del Corazón de Jesús
942 _cLIB
999 _c19676
_d19676